00745nam a2200193 a 450000100100000000500170001000800410002702000150006804000250008324501310010826000500023930000280028949000240031770000270034170000300036883000310039895201050042999900170053400003670620200930075903.0120125s1997 es a 000 0 spa d a8449403413 aDO-SdBNPbspacBNPHU00aEnciclopedia audiovisual-educativa :bcomputación /cdirección de obra Carlos Gispert ; ilustración Montserrat Marcet ;. aBarcelona :bOcéano Grupo Editorial,c1997. a160 p. :bil. ;c29 cm. aOcéano multimedia12aGispert, Carlos91124812aMarcet, Montserrat963001 0aOcéano multimedia963002 001050718MOaGRbGRcCTd2012-01-25iLF1l0o p36706-10r2020-06-25w2020-06-25y1ZNo se presta c36197d36197